000 00564nam a22001937a 4500
003 0
005 20240401091329.0
008 240401b xxu||||| |||| 00| 0 eng d
020 _a978-0-545-74463-8
082 _aER
_bRed312 2015
100 _aHeo, Yumi
245 _aRed light, green light
_cYumi Heo
250 _aFirst edition
260 _aNew York, NY
_bScholastic Inc.,
_cc2015.
300 _a20 pages :
_bcolored illustrations ;
_c18 cm.
650 _aJuvenile Fiction--Transportation--Cars & Trucks.
650 _aBoard books.
942 _2ddc
_cBK
999 _c365935
_d365935